LEADER 02421oas 2200925 a 450 001 9910140339103321 005 20260218110611.0 011 $a1179-271X 035 $a(DE-599)ZDB2586660-6 035 $a(OCoLC)620957725 035 $a(CONSER) 2011243670 035 $a(CKB)2580000000000435 035 $a(DE-599)2586660-6 035 $a(EXLCZ)992580000000000435 100 $a20100519a20109999 uy a 101 0 $aeng 135 $aur||||||||||| 181 $ctxt$2rdacontent 182 $cc$2rdamedia 183 $acr$2rdacarrier 200 00$aPatient related outcome measures 210 $aAuckland, NZ $cDove Medical Press 215 $a1 online resource 300 $aRefereed/Peer-reviewed 517 3 $aPROM 531 10$aPatient Relat Outcome Meas 606 $aOutcome assessment (Medical care)$vPeriodicals 606 $aPatients$vPeriodicals 606 $aHealth Services 606 $aOutcome and Process Assessment, Health Care 606 $aPatient Satisfaction 606 $aQuality of Health Care 606 $aEvidence Based Medicine$2ebps 606 $aOutcome assessment (Medical care)$2fast$3(OCoLC)fst01049109 606 $aPatients$2fast$3(OCoLC)fst01055033 608 $aFulltext. 608 $aInternet Resources. 608 $aPeriodicals. 608 $aPeriodicals.$2fast 615 0$aOutcome assessment (Medical care) 615 0$aPatients 615 12$aHealth Services. 615 22$aOutcome and Process Assessment, Health Care. 615 22$aPatient Satisfaction. 615 22$aQuality of Health Care. 615 7$aEvidence Based Medicine. 615 7$aOutcome assessment (Medical care) 615 7$aPatients. 676 $a362.105 801 0$bFQM 801 1$bFQM 801 2$bHEBIS 801 2$bOCLCQ 801 2$bNZ1 801 2$bNTE 801 2$bNLM 801 2$bCUS 801 2$bOCLCF 801 2$bEUW 801 2$bOCLCQ 801 2$bOCLCO 801 2$bOCLCQ 801 2$bCASUM 801 2$bOCLCQ 801 2$bOCLCA 801 2$bWT2 801 2$bOCLCQ 801 2$bAU@ 801 2$bOCLCQ 801 2$bOCLCO 801 2$bCNMTR 801 2$bOCLCA 801 2$bOCLCQ 801 2$bSRU 801 2$bBWN 801 2$bOCLCQ 906 $aJOURNAL 912 $a9910140339103321 996 $aPatient related outcome measures$92172699 997 $aUNINA